00430nam a2200169 a 450000100060000000300090000600800410001502000150005604000280007108200090009910000180010824500270012626000330015330000070018665000320019365000350022521556CO-ViMGA141112s2004 ck r 000 u spa d a8484880893 aCO-ViMGAbspacCO-ViMGA04aMAYv1 aMayhew, James10aCarlota visita londres aBarcelona : bSerres, c2003 a3214aCUENTOS INFANTILES INGLESES14aLIBROS ILUSTRADOS PARA NIÑOS